000 00828nam a22002297a 4500
999 _c260
_d260
003 AR-CdUCM
008 190222b ||||| |||| 00| 0 spa d
040 _aMUNICIPALIDAD PROVINCIAL DEL CUSCO
_cBIBLIOTECA MUNICIPAL DEL CUSCO
041 _hspa
082 _a869.5018 /
_bP23
100 _aPango Vildoso, Grover
_91104
245 _aAltas letras :
_bTres escritores del Cautiverio /
_cPango Vildoso, Grover
260 _aTacna :
_bInstituto Nacional de Cultura
_c1979.
300 _a154 paginas. ;
_b il., facsĂ­ms, retrs .
_c21cm.
505 _aPoesia lirica -- Narrativa Historica -- Poesia Poetica -- Epistolar -- Periodismo e ideologia
650 _adesde el cautiverio
_91105
650 _abohemia
_91106
650 _aentre amigos
_91107
650 _adespedida
_91108
942 _2ddc
_cLIBROS
945 _apjha
_d2019-02-22